Countries of the World in Random Order - Statistics

General Stats
  • This quiz has been taken 4,259 times
  • The average score is 156 of 196
Answer Stats
country % Correct
United States
93%
Canada
91%
United Kingdom
91%
France
89%
China
88%
Mexico
88%
Russia
88%
Brazil
87%
Finland
87%
Germany
87%
Spain
87%
Sweden
87%
Argentina
86%
Australia
86%
India
86%
Ireland
86%
Japan
86%
Norway
86%
Chile
85%
Denmark
85%
Egypt
85%
Iceland
85%
Iran
85%
North Korea
85%
Portugal
85%
South Korea
85%
Afghanistan
84%
Austria
84%
Iraq
84%
Italy
84%
New Zealand
84%
South Africa
84%
Uruguay
84%
Algeria
83%
Andorra
83%
Belgium
83%
Colombia
83%
Estonia
83%
Greece
83%
Indonesia
83%
Israel
83%
Latvia
83%
Lithuania
83%
Netherlands
83%
Niger
83%
Oman
83%
Pakistan
83%
Paraguay
83%
Poland
83%
Albania
82%
Cuba
82%
Democratic Republic of the Congo
82%
Haiti
82%
Honduras
82%
Kazakhstan
82%
Luxembourg
82%
Morocco
82%
Panama
82%
Peru
82%
Saudi Arabia
82%
Slovakia
82%
Vatican City
82%
Yemen
82%
Belize
81%
Chad
81%
Dominica
81%
Dominican Republic
81%
Ecuador
81%
El Salvador
81%
Guatemala
81%
Hungary
81%
Laos
81%
Monaco
81%
Nigeria
81%
Romania
81%
Slovenia
81%
Sudan
81%
Switzerland
81%
Turkey
81%
Ukraine
81%
Venezuela
81%
Vietnam
81%
Belarus
80%
Bolivia
80%
Cambodia
80%
Costa Rica
80%
Croatia
80%
Czechia
80%
Fiji
80%
Guyana
80%
Jamaica
80%
Kenya
80%
Libya
80%
Liechtenstein
80%
Qatar
80%
San Marino
80%
South Sudan
80%
Thailand
80%
United Arab Emirates
80%
Azerbaijan
79%
Bahamas
79%
Bhutan
79%
Bosnia and Herzegovina
79%
Bulgaria
79%
Ethiopia
79%
Guinea
79%
Jordan
79%
Kosovo
79%
Lebanon
79%
Malaysia
79%
Malta
79%
Mongolia
79%
Nepal
79%
Nicaragua
79%
Serbia
79%
Suriname
79%
Syria
79%
Turkmenistan
79%
Angola
78%
Armenia
78%
Bahrain
78%
Cyprus
78%
Georgia
78%
Ghana
78%
Kyrgyzstan
78%
Mali
78%
Montenegro
78%
Singapore
78%
St Kitts and Nevis
78%
Tajikistan
78%
Tunisia
78%
Uzbekistan
78%
Zimbabwe
78%
Barbados
77%
Congo
77%
Kuwait
77%
Lesotho
77%
Myanmar
77%
Rwanda
77%
Somalia
77%
St Lucia
77%
Taiwan
77%
Togo
77%
Trinidad and Tobago
77%
Zambia
77%
Bangladesh
76%
Benin
76%
Botswana
76%
Brunei
76%
Eritrea
76%
Eswatini
76%
Gambia
76%
Madagascar
76%
Moldova
76%
Namibia
76%
Papua New Guinea
76%
Philippines
76%
Senegal
76%
Sri Lanka
76%
St Vincent and the Grenadines
76%
Tanzania
76%
Antigua and Barbuda
75%
Djibouti
75%
Maldives
75%
Mauritania
75%
Mozambique
75%
Seychelles
75%
Tonga
75%
Uganda
75%
Cameroon
74%
Central African Republic
74%
Côte d'Ivoire
74%
Equatorial Guinea
74%
Grenada
74%
Guinea-Bissau
74%
Liberia
74%
Marshall Islands
74%
Mauritius
74%
Micronesia
74%
North Macedonia
74%
Palau
74%
Samoa
74%
Solomon Islands
74%
Timor-Leste
74%
Burundi
73%
Cabo Verde
73%
Comoros
73%
Gabon
73%
Nauru
73%
Tuvalu
73%
Vanuatu
73%
Kiribati
72%
Sierra Leone
72%
Burkina Faso
71%
Malawi
71%
São Tomé and Príncipe
71%
No matching quizzes found
Score Distribution
Percent of People with Each Score
Percentile by Number Answered
Your Score History
You have not taken this quiz